Types of Human Teeth - Statistics

General Stats
  • This quiz has been taken 21 times
  • The average score is 3 of 5
Answer Stats
Answer % Correct
Canine
89%
Molar
89%
Incisor
79%
Premolar
63%
Wisdom tooth
5%
No matching quizzes found
Score Distribution
Percent of People with Each Score
Percentile by Number Answered
Your Score History
You have not taken this quiz